El vientre, la luna y la memoria / (Registro nro. 13341)

Detalles MARC
000 -LEADER
fixed length control field 00660nam a22002177a 4500
003 - CONTROL NUMBER IDENTIFIER
control field DO-SdBNP
005 - DATE AND TIME OF LATEST TRANSACTION
control field 20180301132158.0
008 - FIXED-LENGTH DATA ELEMENTS--GENERAL INFORMATION
fixed length control field 180301b 2001 pr 00| 0 spa d
020 ## - INTERNATIONAL STANDARD BOOK NUMBER
International Standard Book Number 188171585X
040 ## - CATALOGING SOURCE
Original cataloging agency BPMSU
Language of cataloging spa
Transcribing agency BPMSU
100 1# - MAIN ENTRY--PERSONAL NAME
Personal name Trelles, Melissa
245 10 - TITLE STATEMENT
Title El vientre, la luna y la memoria /
Statement of responsibility, etc. Melissa Trelles.
260 ## - PUBLICATION, DISTRIBUTION, ETC. (IMPRINT)
Place of publication, distribution, etc. San Juan, Puerto Rico :
Name of publisher, distributor, etc. Isla Negra,
Date of publication, distribution, etc. 2001
300 ## - PHYSICAL DESCRIPTION
Extent 98 p.
Dimensions 22 cm.
490 1# - SERIES STATEMENT
Series statement La montaña de papel
500 ## - GENERAL NOTE
General note Incluye dato de la autora en la solapa de la cubierta.
830 #0 - SERIES ADDED ENTRY--UNIFORM TITLE
Uniform title La montaña de papel
942 ## - ADDED ENTRY ELEMENTS (KOHA)
Source of classification or shelving scheme Dewey Decimal Classification
Koha item type Libros
945 ## - LOCAL PROCESSING INFORMATION (OCLC)
a Inventariado, 2018 /LP
956 ## - LOCAL ELECTRONIC LOCATION AND ACCESS (OCLC)
Host name LOPEREZ
Access number 10
Compression information 20180301
Processor of request BPMSU
Existencias
Withdrawn status Lost status Source of classification or shelving scheme Damaged status Not for loan Collection code Home library Current library Date acquired Source of acquisition Total Checkouts Barcode Date last seen Price effective from Koha item type
    Dewey Decimal Classification     Colección Juvenil General Biblioteca Pública Metropolitana Salomé Ureña Biblioteca Pública Metropolitana Salomé Ureña 03/01/2018 FUNDI   BPMSU18030001 03/01/2018 03/01/2018 Libros